Hawa

Bibliographic Details
Format: Book
Published: Petaling Jaya : Fauziah Rauf , 1986-
Subjects:

MARC

LEADER 00000cam a2200000 7i4500
001 0000016554
005 20021119093000.0
008 021119n
090 0 0 |a 0052 
245 0 0 |a Hawa 
260 2 |a Petaling Jaya :   |b Fauziah Rauf ,   |c 1986- 
310 0 0 |a Bulanan 
362 0 0 |a 1986- 
501 |a Simpanan perpustakaan: bil. 5 (Febuari) 1991 - (Sept.) 1991 
650 0 |a Women's periodicals 
999 |a 1000048995   |b Serials   |c Reference   |e Gong Badak Campus 
999 |a 1000048996   |b Serials   |c Reference   |e Gong Badak Campus 
999 |a 1000051106   |b Serials   |c Reference   |e Gong Badak Campus